000 00260nam a2200109Ia 4500
005 20251222114351.0
008 251222s1900||||xx |||||||||||||| ||spa||
082 _aDVD0099/G87G/1994
245 0 _aEl valle del fuego
264 _bGuerrero, Alejandro
942 _cDVD
999 _c1238
_d1238